| 000 | 00573nam a2200217Ia 4500 | ||
|---|---|---|---|
| 003 | OSt | ||
| 005 | 20251129101112.0 | ||
| 008 | 210719s1968 xx 000 0 und d | ||
| 040 | _cAL | ||
| 041 | _aKannada | ||
| 082 | _aK494E MAHG | ||
| 100 |
_aMAHADEVAN (R) _9247184 |
||
| 245 | _aGulbarga Kannada: brahmin dialect. | ||
| 260 |
_aPoona _bDeccan College _c1968 |
||
| 300 |
_axi,166 _bPB |
||
| 365 |
_b12 _cRs |
||
| 440 |
_aLingustic survey of India series: 3 _9247185 |
||
| 650 |
_aKannada Language _9247186 |
||
| 906 | _aBrahmin Kannada Dialect | ||
| 942 |
_2ddc _cBK |
||
| 999 |
_c214007 _d214007 |
||